00435nam a2200121Ia 4500008004100000024006000041082001800101100006400119245003900183260002600222600003200248650003300280260210s9999 xx 000 0 und d a99A-085-CS, 99A-057-CS, 99A-016-CS & 99A-068-CS a004.65072 KHA aShoaib Ahmed, Adnan Rafi, Syed Yasir Ali & Zeeshan Anis 0aWap Enabled UIT Information System aKarachi:bUITU,c1999 aComputer System Engineering aBachelor of Engineering (BE)